Russian Leaders 1922-1991 - Statistics

General Stats
  • This quiz has been taken 186 times
  • The average score is 8 of 11
Answer Stats
Date Leader % Correct
1922-1924 Vladimir Lenin
99%
1924-1953 Josef Stalin
98%
1999-2008 Vladimir Putin
95%
2012- Vladimir Putin
95%
1985-1991 Mikhail Gorbachev
85%
1953-1964 Nikita Khrushchev
78%
1964-1982 Leonid Brezhnev
71%
2008-2012 Dmitry Medvedev
56%
1982-1984 Yuri Andropov
47%
1984-1985 Konstantin Chernenko
36%
1991-1999 Boris Yelstin
16%
No matching quizzes found
Score Distribution
Percent of People with Each Score
Percentile by Number Answered
Your Score History
You have not taken this quiz